| Tag |
First Indicator |
Second Indicator |
Subfields |
| LEADER |
00000cam a2200000 a 4500 |
| 001 |
in00000086340 |
| 005 |
20151008062652.0 |
| 008 |
811211s1981 caua b s00010 eng |
| 010 |
|
|
|a 81165820
|
| 020 |
|
|
|c $5.00 (pbk.)
|
| 035 |
|
|
|a (OCoLC)08115141
|
| 035 |
|
|
|9 AAK0699AM
|
| 039 |
0 |
|
|a 2
|b 3
|c 3
|d 3
|e 3
|
| 040 |
|
|
|a DLC
|c DLC
|d TXA
|d UtOrBLW
|
| 043 |
|
|
|a n-us-ca
|
| 049 |
|
|
|a TXAM
|c [1197004]
|
| 050 |
0 |
0 |
|a KFC811.7
|b T5
|
| 082 |
0 |
|
|a 346.79404/67923
|a 347.9406467923
|2 19
|
| 100 |
1 |
|
|a Thayer, Robert L.
|
| 245 |
1 |
0 |
|a Solar access, "it's the law!" :
|b a manual on California's solar access laws for planners, designers, developers, and community officials /
|c Robert L. Thayer, Jr.
|
| 264 |
|
1 |
|a [Davis] :
|b Institute of Governmental Affairs :
|b Institute of Ecology, University of California, Davis,
|c 1981.
|
| 300 |
|
|
|a v, 97 leaves :
|b illustrations ;
|c 28 cm.
|
| 336 |
|
|
|a text
|b txt
|2 rdacontent
|
| 337 |
|
|
|a unmediated
|b n
|2 rdamedia
|
| 338 |
|
|
|a volume
|b nc
|2 rdacarrier
|
| 490 |
1 |
|
|a Environmental quality series ;
|v no. 34
|
| 504 |
|
|
|a Bibliography: leaves 95-97.
|
| 650 |
|
0 |
|a Solar access rights
|z California.
|
| 830 |
|
0 |
|a Environmental quality series ;
|v no. 34.
|
| 999 |
|
|
|a MARS
|
| 999 |
f |
f |
|s 31aad4c3-6181-3498-b951-f9b06f7e2b4c
|i 7aeadfb5-0af1-339a-8a04-29348b1c84bc
|t 0
|
| 952 |
f |
f |
|p ric
|a Texas A&M University
|b Rellis Campus
|c Joint Library Facility
|d Remote Storage
|t 0
|e KFC811.7 T5
|h Library of Congress classification
|i unmediated -- volume
|m A14805957916
|
| 998 |
f |
f |
|a KFC811.7 T5
|t 0
|l Remote Storage
|